| 000 | 02758nam0a2200409 4500 | ||
|---|---|---|---|
| 001 | RU\NLR\BIBL_A\012791522 | ||
| 005 | 20220720200306.0 | ||
| 010 | _a978-5-6047623-2-5 | ||
| 021 |
_aRU _bКН-П-22-006617 _9КН-П-22-0530 |
||
| 035 | _a(NLR Aleph) 012791522 | ||
| 035 | _a(RuMoRGB)010971591 | ||
| 090 |
_a13154449 _c13154449 |
||
| 100 | _a20220518d2021 k y0rusy50 ca | ||
| 101 | 0 | _aukr | |
| 102 | _aRU | ||
| 105 | _aa|||z|||000zy | ||
| 200 | 1 |
_aТворчiсть Лесi Украïнки та iнших письменникiв i митцiв новiтньоï доби в полiкультурному середовищi _eзбiрник наукових праць _e(матерiалы i тези конференцiï) _fКрымський федеральний унiверситет iменi В.И. Вернадського, Iнститут фiлологiïи, Кафедра украïнскоï фiлологiï _gнаук. ред. Н.И. Пелипась |
|
| 210 |
_aСимферополь _cВидавничий дом КФУ _d2021 _eСимферополь |
||
| 215 |
_a119 с. _cил. _d21 |
||
| 300 | _aТекст на укр. и рус. яз. | ||
| 320 | _aБиблиогр. в конце ст. | ||
| 600 | 1 |
_aУкраинка _bЛ. _gЛеся _f1871 - 1913 _jСъезды, совещания и т.п. _2nlr_sh1 _2nlr_sh2 _3RU\NLR\AUTH\66635607 |
|
| 606 | 1 |
_aУкраинская литература _jСъезды, совещания и т.п. _2nlr_sh1 _2nlr_sh2 _3RU\NLR\AUTH\66278389 |
|
| 606 | 1 |
_aРусская советская литература _jСъезды, совещания и т.п _2nlr_sh1 _2nlr_sh2 _3RU\NLR\AUTH\66496 |
|
| 686 | 1 | _aШ5(2=Ук)5-4Украинка.я434 | |
| 686 | 1 | _aШ5(2=Ук)я431 | |
| 686 | 2 | _aШ5(2=Р)7я431 | |
| 702 | 1 |
_aПелипась _bН. И. _f1974- _gНиколай Иванович _4340 |
|
| 702 | 1 |
_aУкраïнка _bЛ. _f1871-1913 _gЛеся _3RU\NLR\AUTH\7790949 _4280 |
|
| 711 | 1 | 2 |
_a"Творчість Лесі Українки та інших письменників і митцiв новітньої доби в полікультурному середовищі", науково-практична конференція _d20 _f2021 _eСімферополь _3RU\NLR\AUTH\880567857 |
| 712 | 0 | 2 |
_aКримський федеральний університет ім. В. І. Вернадського _cСiмферополь _bІнститут філології _bКафедра українськой філології _3RU\NLR\AUTH\880561259 _4570 |
| 942 | _cBOOK | ||
| 980 | _aNB | ||